Pokémon - Les groupes d'œuf - Statistiques

Statistiques générales
  • Ce quiz a été pris 12 fois
  • Le résultat moyen est 11 sur 15
Statistiques - réponses
Groupe % Correct
Aquatique 2
90%
Inconnu
90%
Aquatique 1
80%
Aquatique 3
80%
Draconique
80%
Terrestre
80%
Végétal
80%
Amorphe
70%
Humanoïde
70%
Minéral
70%
Aérien
60%
Féerique
60%
Insectoïde
60%
Métamorph
60%
Monstrueux
60%
Aucun quiz correspondant
Distribution des résultats
% des personnes avec chaque résultat
Percentile par nombre de réponses
Votre historique - résultats
Vous n’avez pas pris ce quiz